[Event "Asian Individual Women Chess Championship 2011"]
[Site "Mashhad IRI"]
[Date "2011.05.07"]
[Round "6.1"]
[White "Munguntuul, Batkhuyag"]
[Black "Karavade, Eesha"]
[Result "0-1"]
[WhiteTitle "IM"]
[BlackTitle "IM"]
[WhiteElo "2434"]
[BlackElo "2330"]
[WhiteFideId "4900758"]
[BlackFideId "5012600"]
[EventDate "2011.05.02"]

1. e4 c5 2. Nf3 d6 3. d4 Nf6 4. Nc3 a6 5. h3 cxd4 6. Nxd4 e6 7. g4 d5 8. exd5
Nxd5 9. Bd2 Bb4 10. Bg2 Bxc3 11. bxc3 O-O 12. O-O Qc7 13. Qf3 Nd7 14. Rfe1 N7b6
15. g5 Nc4 16. Bc1 b5 17. Bf4 Qd7 18. Nb3 Qc6 19. Qg3 Bb7 20. Be4 Qb6 21. Qh4 g6
22. Rad1 Nxf4 23. Bxb7 Qxb7 24. Qxf4 Qe7 25. Nd4 Rac8 26. Nf3 Rc5 27. h4 Rd8 28.
Nh2 h5 29. gxh6 Rf5 30. Qg3 Nd2 31. Qe3 Nc4 32. Qg3 Nd2 33. Kg2 Kh7 34. f3 Kxh6
35. Ng4+ Kg7 36. Re3 Nxf3 37. Rdd3 Nxh4+ 38. Kg1 Rdd5 39. Re4 Qg5 40. Qe3 Nf3+
41. Kg2 Rxd3 42. cxd3 Ne5 43. Qxg5 Rxg5 44. Rxe5 Rxg4+ 45. Kf3 Ra4 46. Re2 Kf6
47. Ke3 g5 48. Rc2 Ke5 49. Rg2 f6 50. d4+ Kd5 51. Kd3 Rc4 52. Rf2 f5 53. Re2 Rc7
54. a4 Rb7 55. Re5+ Kd6 56. c4 bxc4+ 57. Kxc4 g4 58. Ra5 Rc7+ 59. Kd3 Rc6 60.
Ke3 Ke7 61. d5 exd5 62. Rxd5 Kf7 63. a5 0-1

[Event "Asian Individual Women Chess Championship 2011"]
[Site "Mashhad IRI"]
[Date "2011.05.07"]
[Round "6.2"]
[White "Sabirova, Olga"]
[Black "Harika, Dronavalli"]
[Result "1/2-1/2"]
[WhiteTitle "WIM"]
[BlackTitle "IM"]
[WhiteElo "2247"]
[BlackElo "2524"]
[WhiteFideId "14200201"]
[BlackFideId "5015197"]
[EventDate "2011.05.02"]

1. e4 e5 2. Nf3 Nc6 3. Bc4 Nf6 4. d3 Be7 5. O-O O-O 6. Re1 d6 7. a4 h6 8. a5 a6
9. c3 Nh7 10. Nbd2 Ng5 11. h3 Bf6 12. Nf1 Nxf3+ 13. Qxf3 Bg5 14. Be3 Kh8 15.
Bxg5 Qxg5 16. Qe3 Qg6 17. Ng3 Be6 18. Bxe6 fxe6 19. Nf1 d5 20. Qg3 Qh5 21. Nd2
Rf4 22. f3 Rb8 23. Nb3 Qe8 24. Qf2 Qf8 25. Re2 Qd6 26. Qc5 Qd7 27. Qe3 Rff8 28.
d4 exd4 29. Nxd4 Nxd4 30. Qxd4 b6 1/2-1/2

[Event "Asian Individual Women Chess Championship 2011"]
[Site "Mashhad IRI"]
[Date "2011.05.07"]
[Round "6.3"]
[White "Pham, Le Thao Nguyen"]
[Black "Huang, Qian"]
[Result "1/2-1/2"]
[WhiteTitle "WIM"]
[BlackTitle "WGM"]
[WhiteElo "2349"]
[BlackElo "2394"]
[WhiteFideId "12401226"]
[BlackFideId "8602689"]
[EventDate "2011.05.02"]

1. d4 Nf6 2. Bf4 g6 3. e3 Bg7 4. Nf3 d6 5. Be2 O-O 6. c3 c5 7. dxc5 dxc5 8. Nbd2
Nc6 9. h3 Bf5 10. O-O Ne4 11. Nxe4 Bxe4 12. Qa4 Bf5 13. e4 Bd7 14. Qc2 Qc8 15.
Rfd1 Rd8 16. Rd2 Be6 17. Rad1 h6 18. Rxd8+ Nxd8 19. Ne5 Nc6 20. Ng4 Qf8 21. Ne3
Rd8 22. Nd5 Bc8 23. Bg3 e6 24. Ne3 Rxd1+ 25. Qxd1 Qd8 26. Qc2 b6 27. Nc4 Ba6 28.
Qa4 Na5 29. Bf1 Bxc4 30. Bxc4 Nxc4 31. Qxc4 Qd7 32. Kh2 Bf8 33. a4 Bd6 1/2-1/2

[Event "Asian Individual Women Chess Championship 2011"]
[Site "Mashhad IRI"]
[Date "2011.05.07"]
[Round "6.4"]
[White "Muminova, Nafisa"]
[Black "Tan, Zhongyi"]
[Result "0-1"]
[WhiteTitle "WIM"]
[BlackTitle "WGM"]
[WhiteElo "2357"]
[BlackElo "2428"]
[WhiteFideId "14201526"]
[BlackFideId "8603642"]
[EventDate "2011.05.02"]

1. e4 d6 2. d4 Nf6 3. Nc3 g6 4. Nf3 Bg7 5. Be2 O-O 6. O-O c6 7. h3 Nbd7 8. e5
dxe5 9. dxe5 Nd5 10. Nxd5 cxd5 11. Bf4 Nc5 12. Qd2 b6 13. Rad1 Bb7 14. c3 e6 15.
Rfe1 Rc8 16. Bh6 Qd7 17. Bxg7 Kxg7 18. Nd4 a6 19. Bf3 Qe7 20. Qf4 Rfd8 21. h4 h6
22. Qg3 b5 23. h5 g5 24. Bg4 Rg8 25. Qh3 Kh8 26. Re3 Ne4 27. b4 Rc4 28. Ne2 Qc7
29. Bxe6 fxe6 30. Qxe6 Rc6 31. Qxd5 Rxc3 32. Qe6 Rxe3 33. Rd7 Qxd7 34. Qxd7 Rxe2
35. Qxb7 Re1+ 36. Kh2 Nxf2 37. Qb6 Ng4+ 38. Kg3 Re4 39. Qc6 Rc4 40. Qd6 Re8 41.
Kh3 Rec8 42. Qxa6 Rf8 43. g3 Rf2 44. Qa8+ Kg7 45. Qb7+ Kf8 46. Qb8+ Kf7 47. Qb7+
Ke6 48. Qb6+ Kf5 49. Qg6+ Kxe5 50. Qe8+ Kd4 51. a4 Kc3 52. Qe1+ Kc2 0-1

[Event "Asian Individual Women Chess Championship 2011"]
[Site "Mashhad IRI"]
[Date "2011.05.07"]
[Round "6.5"]
[White "Gomes, Mary Ann"]
[Black "Nguyen, Thi Thanh An"]
[Result "1-0"]
[WhiteTitle "WGM"]
[BlackTitle "WGM"]
[WhiteElo "2334"]
[BlackElo "2349"]
[WhiteFideId "5013623"]
[BlackFideId "12400300"]
[EventDate "2011.05.02"]

1. Nf3 Nf6 2. g3 d5 3. Bg2 c6 4. O-O g6 5. b3 Bg7 6. Bb2 O-O 7. d3 Qb6 8. Qe1 a5
9. a4 Na6 10. e4 Nb4 11. Na3 dxe4 12. dxe4 Bg4 13. Ne5 Be6 14. Qe2 Rad8 15. Nac4
Qc7 16. Nf3 b6 17. Nd4 Bg4 18. f3 Bc8 19. f4 Nxe4 20. Qxe4 b5 21. Ne5 bxa4 22.
c3 c5 23. cxb4 cxd4 24. bxa5 Bf5 25. Qc6 Bxe5 26. fxe5 Qxa5 27. Qxa4 Qxe5 28.
Rae1 Qc5 29. Ba3 Qc3 30. Bxe7 Rfe8 31. Bb4 Rxe1 32. Rxe1 Qb2 33. Re8+ Kg7 34.
Bf8+ Kf6 35. Qa6+ 1-0

[Event "Asian Individual Women Chess Championship 2011"]
[Site "Mashhad IRI"]
[Date "2011.05.07"]
[Round "6.7"]
[White "Hoang, Thi Bao Tram"]
[Black "Asgarizadeh, Minoo"]
[Result "1-0"]
[WhiteTitle "WGM"]
[WhiteElo "2311"]
[BlackElo "2029"]
[WhiteFideId "12401102"]
[BlackFideId "12512230"]
[EventDate "2011.05.02"]

1. d4 d5 2. Bg5 h6 3. Bh4 c6 4. e3 Qb6 5. b3 Bf5 6. Bd3 Bxd3 7. Qxd3 e6 8. Nf3
Be7 9. Bg3 Nf6 10. Nbd2 O-O 11. O-O c5 12. c4 Na6 13. cxd5 Nb4 14. Qe2 exd5 15.
a3 Na6 16. Be5 Rfe8 17. Rfc1 Ng4 18. Bg3 Nf6 19. dxc5 Bxc5 20. Qd3 Rad8 21. b4
Bd6 22. Qd4 Bxg3 23. hxg3 Ne4 24. Nb3 Re7 25. Na5 Red7 26. Rc2 Qb5 27. Rac1 Nb8
28. Qxa7 b6 29. Nd4 Qa4 30. Qxb6 Rd6 31. Qb5 Qxa3 32. Nb7 Rf6 33. Nxd8 Rxf2 34.
Re1 Rxc2 35. Nxc2 1-0

[Event "Asian Individual Women Chess Championship 2011"]
[Site "Mashhad IRI"]
[Date "2011.05.07"]
[Round "6.8"]
[White "Nguyen, Thi Mai Hung"]
[Black "Nakhbayeva, Guliskhan"]
[Result "1-0"]
[WhiteTitle "WIM"]
[BlackTitle "WIM"]
[WhiteElo "2320"]
[BlackElo "2207"]
[WhiteFideId "12401676"]
[BlackFideId "13704788"]
[EventDate "2011.05.02"]

1. d4 Nf6 2. Bf4 e6 3. e3 c5 4. c3 Nc6 5. Nd2 d5 6. Ngf3 Bd6 7. Bg3 O-O 8. Bd3
Re8 9. Ne5 Nxe5 10. dxe5 Bf8 11. O-O Nd7 12. f4 g6 13. Qe1 c4 14. Bc2 b5 15. Bh4
Qb6 16. Nf3 Bb7 17. Nd4 a5 18. a3 Bg7 19. Rf3 f6 20. exf6 Nxf6 21. Rh3 Ne4 22.
Bg5 e5 23. Nf3 Bc8 24. Rh4 Nxg5 25. fxg5 Be6 26. Kh1 e4 27. Nd4 Bd7 28. Rf4 Be5
29. Rf1 Bc7 30. Rf6 Qc5 31. Qf2 Qe7 32. h4 Be5 33. Rf1 Bxf6 34. gxf6 Qf7 35. Qf4
Ra6 36. g4 Bxg4 37. Qxg4 Rxf6 38. Rxf6 Qxf6 39. Qf4 Qe7 40. Qg5 Qf7 41. Qf4 Qe7
42. Kg2 Rf8 43. Qg4 Kh8 44. Qg5 Qf7 45. Qe5+ Kg8 46. Qe6 Qxe6 47. Nxe6 Rb8 48.
Nc7 b4 49. axb4 axb4 50. Na6 b3 51. Bxe4 Rd8 52. Bf3 Kf7 53. Nc7 Kf6 54. Nxd5+
Ke6 55. e4 Kd6 56. Be2 Kc5 57. Kg3 Re8 58. Kf3 Ra8 59. Ne3 Rf8+ 60. Kg3 Re8 1-0

[Event "Asian Individual Women Chess Championship 2011"]
[Site "Mashhad IRI"]
[Date "2011.05.07"]
[Round "6.9"]
[White "Hamrakulova, Yulduz"]
[Black "Khademalsharieh, Sarasadat"]
[Result "1/2-1/2"]
[WhiteTitle "WIM"]
[BlackTitle "WFM"]
[WhiteElo "2210"]
[BlackElo "2137"]
[WhiteFideId "14201151"]
[BlackFideId "12512214"]
[EventDate "2011.05.02"]

1. d4 Nf6 2. c4 e6 3. Nc3 Bb4 4. e3 c5 5. Nf3 cxd4 6. exd4 d5 7. Be2 dxc4 8.
Bxc4 Nbd7 9. O-O O-O 10. Bg5 Bxc3 11. bxc3 Qc7 12. Qb3 b6 13. Bh4 Bb7 14. Bg3
Qc8 15. Be2 Ne4 16. Rac1 Nxg3 17. fxg3 e5 18. c4 h6 19. c5 bxc5 20. Nxe5 Nxe5
21. dxe5 Qc7 22. Bc4 Rae8 23. e6 fxe6 24. Bxe6+ Kh8 25. Bf7 Qc6 26. Qc2 1/2-1/2

[Event "Asian Individual Women Chess Championship 2011"]
[Site "Mashhad IRI"]
[Date "2011.05.07"]
[Round "6.10"]
[White "Alavi, Homa"]
[Black "Pourkashiyan, Atousa"]
[Result "0-1"]
[BlackTitle "WGM"]
[WhiteElo "2008"]
[BlackElo "2371"]
[WhiteFideId "12507547"]
[BlackFideId "12502014"]
[EventDate "2011.05.02"]

1. d4 Nf6 2. c4 e6 3. Nf3 b6 4. a3 Bb7 5. Nc3 Be7 6. d5 d6 7. e4 exd5 8. exd5
O-O 9. Bd3 Nbd7 10. O-O Re8 11. Bf4 Bf8 12. Qd2 Ne5 13. Nxe5 dxe5 14. Bg5 h6 15.
Bxf6 Qxf6 16. Ne4 Qd8 17. Ng3 c6 18. Be4 cxd5 19. cxd5 g6 20. Rad1 Qh4 21. Bb1
Rad8 22. Ba2 Bd6 23. Rc1 e4 24. Rc2 Re5 25. f4 exf3 26. Rxf3 Bc5+ 27. Rxc5 bxc5
28. Rf4 Qe7 29. d6 Qxd6 30. Bxf7+ Kg7 31. Qc3 Rf8 32. Rf5 Qd1+ 33. Kf2 gxf5 34.
Qxe5+ Kxf7 35. Qc7+ Kg6 36. Qxb7 Qd4+ 37. Kf1 Rf7 38. Qc6+ Kh7 39. Qe6 Qd1+ 40.
Kf2 Qd4+ 41. Kf1 Qd7 42. Qb3 Rf6 43. Qc2 Qd4 44. Ne2 Qe3 45. Qa4 Rf7 46. Qc2 Kg6
47. Qc4 f4 48. Ng1 Rd7 49. Qa4 Rd2 50. Qc6+ Kh5 0-1

[Event "Asian Individual Women Chess Championship 2011"]
[Site "Mashhad IRI"]
[Date "2011.05.07"]
[Round "6.11"]
[White "Soumya, Swaminathan"]
[Black "Hakimifard, Ghazal"]
[Result "1-0"]
[WhiteTitle "WGM"]
[BlackTitle "WFM"]
[WhiteElo "2368"]
[BlackElo "2215"]
[WhiteFideId "5016193"]
[BlackFideId "12506540"]
[EventDate "2011.05.02"]

1. e4 c5 2. Nf3 e6 3. d4 cxd4 4. Nxd4 a6 5. Nc3 Qc7 6. Bd3 Nc6 7. Nxc6 Qxc6 8.
Qg4 b5 9. a3 Bb7 10. O-O Nf6 11. Qg3 h5 12. Re1 h4 13. Qh3 d6 14. a4 b4 15. Nd5
Nxd5 16. exd5 Qxd5 17. Be4 Qxe4 18. Rxe4 Bxe4 19. Qe3 Bd5 20. Bd2 Be7 21. Bxb4
h3 22. g3 O-O 23. Rd1 Rab8 24. Bc3 Bb7 25. f4 Rfe8 26. g4 Bg2 27. g5 Bf8 28. Kf2
Rbc8 29. Qd3 e5 30. g6 fxg6 31. Qxg6 exf4 32. Rd4 Re7 33. Rxf4 Rce8 34. Bd4 d5
35. Kg3 Be4 36. Qh5 Rc8 37. Rh4 Rd7 38. Qh8+ Kf7 39. Rf4+ Kg6 40. Kg4 1-0

[Event "Asian Individual Women Chess Championship 2011"]
[Site "Mashhad IRI"]
[Date "2011.05.07"]
[Round "6.12"]
[White "Nodirjanova, Nodira"]
[Black "Ghader Pour, Shayesteh"]
[Result "1-0"]
[BlackTitle "WIM"]
[WhiteElo "2171"]
[BlackElo "2241"]
[WhiteFideId "14201232"]
[BlackFideId "12500747"]
[EventDate "2011.05.02"]

1. d4 Nf6 2. c4 e6 3. Nc3 Bb4 4. Nf3 b6 5. Bg5 Bb7 6. Nd2 h6 7. Bh4 c5 8. d5
Bxc3 9. bxc3 d6 10. e4 Qe7 11. Be2 Nbd7 12. f3 Nf8 13. Qa4+ Qd7 14. Qb3 g5 15.
Bf2 Ng6 16. a4 Qc7 17. Rb1 Nd7 18. a5 Ke7 19. g3 Rhb8 20. axb6 axb6 21. O-O Ra5
22. Ra1 Rba8 23. Rxa5 bxa5 24. Ra1 Qb6 25. Qxb6 Nxb6 26. Rb1 Ra6 27. Nb3 Nd7 28.
Nxa5 Rxa5 29. Rxb7 Ra4 30. Be3 Ne5 31. h4 gxh4 32. gxh4 h5 33. Bg5+ f6 34. Bh6
Ra8 35. Bf4 Ng6 36. Bg3 e5 37. Bf1 Ra3 38. Bh3 Nf8 39. Be1 Ra4 40. Bd2 Ra1+ 41.
Kf2 Ra2 42. Ke3 Ra1 43. Bf5 Rf1 44. Ke2 Rh1 45. Be1 Ke8 46. Ra7 Nb6 47. Rg7 Nxc4
48. Bc8 Rh2+ 49. Bf2 Nb6 50. Ba6 Rh1 51. Bb5+ Kd8 52. Be1 Rh2+ 53. Kd1 Nbd7 54.
c4 Ra2 55. Bd2 Ra1+ 56. Ke2 Ra2 57. Rg8 Ke7 58. Rh8 Kf7 59. Kd3 Ra3+ 60. Ke2 Ra2
61. Rxh5 Nb6 62. Kd1 Nc8 63. Bh6 Kg6 64. Be8+ Kh7 65. Bxf8+ Kg8 66. Bh6 Ne7 67.
Bd7 Kf7 68. Bc1 Kg7 69. Bf5 1-0

[Event "Asian Individual Women Chess Championship 2011"]
[Site "Mashhad IRI"]
[Date "2011.05.07"]
[Round "6.13"]
[White "Vardkar, Mariam"]
[Black "Swathi, Ghate"]
[Result "0-1"]
[BlackTitle "WGM"]
[WhiteElo "1886"]
[BlackElo "2307"]
[WhiteFideId "12508322"]
[BlackFideId "5003474"]
[EventDate "2011.05.02"]

1. e4 c5 2. Nf3 e6 3. d4 cxd4 4. Nxd4 a6 5. Nc3 Qc7 6. Be2 b5 7. O-O Bb7 8. Re1
Nc6 9. Nxc6 dxc6 10. e5 Bb4 11. Qd4 c5 12. Qg4 Ne7 13. Bf1 O-O 14. a3 Ba5 15.
Bd2 Rfd8 16. Rad1 Ng6 17. f4 Rd4 18. Qg3 Rad8 19. Qf2 Qd7 20. Bd3 c4 21. Be3
cxd3 22. Bxd4 Qxd4 23. Qxd4 Rxd4 24. g3 Bb6 25. Kf1 Nxf4 26. Rd2 h5 27. Red1
dxc2 28. Rxd4 Bxd4 0-1

[Event "Asian Individual Women Chess Championship 2011"]
[Site "Mashhad IRI"]
[Date "2011.05.07"]
[Round "6.14"]
[White "Hejazipour, Mitra"]
[Black "Ghaderi, Farzaneh"]
[Result "1-0"]
[WhiteTitle "WIM"]
[WhiteElo "2240"]
[BlackElo "1716"]
[WhiteFideId "12505951"]
[BlackFideId "12534510"]
[EventDate "2011.05.02"]

1. d4 Nf6 2. c4 e6 3. Nf3 d5 4. Nc3 Be7 5. Bg5 Nbd7 6. e3 O-O 7. Qc2 dxc4 8.
Bxc4 c5 9. O-O a6 10. a4 b6 11. Rad1 Qc7 12. d5 Ne5 13. Nxe5 Qxe5 14. Bf4 Qh5
15. dxe6 fxe6 16. Qb3 Qf7 17. Qxb6 Re8 18. Bd6 Nd7 19. Qc6 Ra7 20. Ne4 Kh8 21.
Bxe7 Qxe7 22. Nd6 Bb7 23. Nxb7 Ne5 24. Qd6 Nf3+ 25. gxf3 Qxb7 26. Qxe6 Raa8 27.
Bd5 Qb8 28. Qg4 Ra7 29. b3 Rf8 30. Qg3 Qe8 31. Bc4 Rf6 32. Rd6 Rxd6 33. Qxd6 1-0

[Event "ch-Asian Individual w"]
[Site "Mashhad IRI"]
[Date "2011.05.08"]
[Round "7.1"]
[White "Tan, Zhongyi"]
[Black "Munguntuul, Batkhuyag"]
[Result "1-0"]
[WhiteTitle "WGM"]
[BlackTitle "IM"]
[WhiteElo "2428"]
[BlackElo "2434"]
[WhiteFideId "8603642"]
[BlackFideId "4900758"]
[EventDate "2011.05.02"]

1. c4 e5 2. Nc3 d6 3. g3 f5 4. Bg2 Nf6 5. d4 Be7 6. Nf3 e4 7. Ng5 c6 8. d5 O-O
9. O-O Ng4 10. Nh3 Nd7 11. Kh1 Nge5 12. b3 Nf6 13. f3 Qe8 14. Ba3 c5 15. Bc1 a6
16. a4 Rb8 17. Nf4 exf3 18. exf3 Nh5 19. Ne6 Rf6 20. Bg5 Rxe6 21. dxe6 Bxg5 22.
Qxd6 Nc6 1-0

[Event "ch-Asian Individual w"]
[Site "Mashhad IRI"]
[Date "2011.05.08"]
[Round "7.2"]
[White "Karavade, Eesha"]
[Black "Pham, Le Thao Nguyen"]
[Result "1/2-1/2"]
[WhiteTitle "IM"]
[BlackTitle "WIM"]
[WhiteElo "2330"]
[BlackElo "2349"]
[WhiteFideId "5012600"]
[BlackFideId "12401226"]
[EventDate "2011.05.02"]

1. Nf3 d5 2. c4 c6 3. g3 Bg4 4. Bg2 e6 5. cxd5 exd5 6. d3 Nf6 7. O-O Be7 8. h3
Bh5 9. Qc2 O-O 10. e4 Na6 11. Rd1 Re8 12. Nc3 Qc8 13. g4 Bg6 14. Ne5 Bd6 15.
Nxg6 hxg6 16. Be3 Qc7 17. exd5 Nb4 18. Qb3 Nbxd5 19. Nxd5 Nxd5 20. Bxd5 cxd5 21.
Qxd5 Rad8 22. Qf3 b6 23. Rac1 Qe7 24. d4 Qe6 25. a3 Rd7 26. Rc3 f5 27. Re1 Rf8
28. Bd2 Qf7 29. g5 Bb8 30. Rd3 Rfd8 31. Bf4 Bxf4 32. Qxf4 Qc4 33. Red1 Rd5 1/2-1/2

[Event "ch-Asian Individual w"]
[Site "Mashhad IRI"]
[Date "2011.05.08"]
[Round "7.3"]
[White "Harika, Dronavalli"]
[Black "Gomes, Mary Ann"]
[Result "1-0"]
[WhiteTitle "IM"]
[BlackTitle "WGM"]
[WhiteElo "2524"]
[BlackElo "2334"]
[WhiteFideId "5015197"]
[BlackFideId "5013623"]
[EventDate "2011.05.02"]

1. d4 Nf6 2. Nf3 c5 3. d5 e6 4. c4 exd5 5. cxd5 d6 6. Nc3 g6 7. Nd2 Nbd7 8. e4
Bg7 9. Be2 O-O 10. O-O a6 11. a4 Re8 12. f4 Rb8 13. Kh1 Nf8 14. Ra3 Bd7 15. a5
Bc8 16. Bf3 Bd7 17. Rb3 h5 18. Nc4 Bb5 19. Nxb5 axb5 20. Rxb5 Nxe4 21. Qc2 f5
22. Rb3 Bd4 23. Be3 Bxe3 24. Rxe3 Nf6 25. Rxe8 Nxe8 26. Qc3 Nc7 27. Re1 Nh7 28.
Qb3 Nf6 29. Qb6 Ncxd5 30. Qxd6 Qxd6 31. Nxd6 Kf8 32. Re6 Nxf4 33. Rxf6+ Ke7 34.
g3 Ne6 35. Rxe6+ Kxe6 36. Nxb7 Ke5 37. a6 Ra8 38. Nxc5 Ra7 39. Bb7 Kd4 40. Ne6+
Kc4 41. Nf4 1-0

[Event "ch-Asian Individual w"]
[Site "Mashhad IRI"]
[Date "2011.05.08"]
[Round "7.4"]
[White "Huang, Qian"]
[Black "Sabirova, Olga"]
[Result "1-0"]
[WhiteTitle "WGM"]
[BlackTitle "WIM"]
[WhiteElo "2394"]
[BlackElo "2247"]
[WhiteFideId "8602689"]
[BlackFideId "14200201"]
[EventDate "2011.05.02"]

1. d4 f5 2. Nf3 g6 3. g3 Nf6 4. Bg2 Bg7 5. O-O O-O 6. c4 d6 7. Nc3 Qe8 8. d5 Na6
9. Rb1 c5 10. dxc6 bxc6 11. b4 Bd7 12. a3 Nc7 13. Bb2 h6 14. c5 Ne4 15. Na4 Nb5
16. Bxg7 Kxg7 17. Qd3 Rd8 18. cxd6 exd6 19. Rbc1 Kh7 20. Nb2 Nc7 21. Nc4 Qe7 22.
Qc2 c5 23. bxc5 dxc5 24. Nfe5 Nb5 25. Nxd7 Rxd7 26. e3 Rc8 27. Rfd1 Nbd6 28.
Nxd6 Rxd6 29. Bxe4 Rxd1+ 30. Qxd1 fxe4 31. Qd5 c4 32. Rxc4 Rxc4 33. Qxc4 h5 34.
Qb4 Qxb4 35. axb4 Kg7 36. f4 Kf6 37. h3 Ke6 38. g4 hxg4 39. hxg4 Kd5 40. Kf2 Kc4
41. f5 1-0

[Event "ch-Asian Individual w"]
[Site "Mashhad IRI"]
[Date "2011.05.08"]
[Round "7.5"]
[White "Sukandar, Irine Kharisma"]
[Black "Nguyen, Thi Mai Hung"]
[Result "1-0"]
[WhiteTitle "WGM"]
[BlackTitle "WIM"]
[WhiteElo "2354"]
[BlackElo "2320"]
[WhiteFideId "7101937"]
[BlackFideId "12401676"]
[EventDate "2011.05.02"]

1. e4 c5 2. Nf3 Nc6 3. d4 cxd4 4. Nxd4 g6 5. c4 Nf6 6. Nc3 d6 7. Nc2 Bg7 8. Be2
O-O 9. O-O a5 10. Be3 Be6 11. Qd2 Re8 12. f3 Nd7 13. Na3 Nc5 14. Nab5 Rc8 15.
Rfd1 Ne5 16. b3 f5 17. f4 Nf7 18. Nd4 Bd7 19. exf5 gxf5 20. Qc2 Rf8 21. a3 e6
22. Rab1 Qe7 23. Bf3 Be8 24. Re1 Nd8 25. Bf2 Kh8 26. Rbd1 Bg6 27. Nd5 Qf7 28.
Nb6 Rb8 29. Nb5 Ne4 30. Nxd6 Nxd6 31. Rxd6 Rg8 32. Qd2 Bh5 33. Rd7 Qg6 34. Bxh5
Qxh5 35. Bd4 Qe8 36. Bxg7+ Rxg7 37. Rxg7 Kxg7 38. Nd7 Rc8 39. Qd4+ Kf7 40. Qf6+
Kg8 41. Re3 1-0

[Event "ch-Asian Individual w"]
[Site "Mashhad IRI"]
[Date "2011.05.08"]
[Round "7.9"]
[White "Padmini, Rout"]
[Black "Nodirjanova, Nodira"]
[Result "1-0"]
[WhiteTitle "WGM"]
[WhiteElo "2342"]
[BlackElo "2171"]
[WhiteFideId "5029295"]
[BlackFideId "14201232"]
[EventDate "2011.05.02"]

1. e4 e6 2. d4 d5 3. Nc3 Nf6 4. Bg5 dxe4 5. Nxe4 Nbd7 6. Nf3 h6 7. Bxf6 Nxf6 8.
Bd3 Be7 9. Qd2 O-O 10. O-O-O c5 11. Nxc5 Bxc5 12. dxc5 Qd5 13. Qa5 b6 14. Qa3
Qxc5 15. Qxc5 bxc5 16. Ne5 Bb7 17. Rhg1 Rfd8 18. g4 Rd4 19. c3 Rf4 20. f3 g5 21.
Be2 Ra4 22. Kb1 Nd5 23. Bb5 Rf4 24. Nd3 a6 25. Nxf4 axb5 26. Nd3 c4 27. Nc5 Bc6
28. Rge1 Nf4 29. Ne4 Nd3 30. Re3 Kg7 31. Rexd3 cxd3 32. Rxd3 Bxe4 33. fxe4 Kf6
34. Rf3+ Ke7 1-0

[Event "ch-Asian Individual w"]
[Site "Mashhad IRI"]
[Date "2011.05.08"]
[Round "7.10"]
[White "Swathi, Ghate"]
[Black "Hamrakulova, Yulduz"]
[Result "1-0"]
[WhiteTitle "WGM"]
[BlackTitle "WIM"]
[WhiteElo "2307"]
[BlackElo "2210"]
[WhiteFideId "5003474"]
[BlackFideId "14201151"]
[EventDate "2011.05.02"]

1. e4 e5 2. Nf3 Nc6 3. Bb5 a6 4. Ba4 Nf6 5. O-O b5 6. Bb3 Bc5 7. c3 d6 8. a4 Rb8
9. d4 Bb6 10. a5 Ba7 11. h3 O-O 12. Re1 h6 13. Be3 exd4 14. cxd4 d5 15. e5 Ne4
16. Nbd2 Bf5 17. Nf1 Be6 18. Ng3 Nxg3 19. fxg3 Ne7 20. g4 Kh7 21. Nh4 g6 22. Bc2
Ng8 23. g5 Qe7 24. b4 Qxb4 25. gxh6 Ne7 26. Rb1 Qxa5 27. Qf3 Rg8 28. Qf6 Rbe8
29. Nf3 Nf5 30. Ng5+ Kxh6 31. Nxe6+ Kh7 32. Ng5+ 1-0

[Event "ch-Asian Individual w"]
[Site "Mashhad IRI"]
[Date "2011.05.08"]
[Round "7.11"]
[White "Nakhbayeva, Guliskhan"]
[Black "Hejazipour, Mitra"]
[Result "1-0"]
[WhiteTitle "WIM"]
[BlackTitle "WIM"]
[WhiteElo "2207"]
[BlackElo "2240"]
[WhiteFideId "13704788"]
[BlackFideId "12505951"]
[EventDate "2011.05.02"]

1. d4 Nf6 2. c4 e6 3. Nc3 Bb4 4. e3 c5 5. Bd3 d5 6. Nf3 O-O 7. O-O cxd4 8. exd4
dxc4 9. Bxc4 Nbd7 10. Bg5 Bxc3 11. bxc3 Qc7 12. Qd3 b6 13. Rfe1 Bb7 14. Ne5 Nxe5
15. dxe5 Nd7 16. Qd4 Qc6 17. Bf1 Rfc8 18. c4 Rc7 19. Rad1 Nf8 20. h4 h6 21. Bc1
Ng6 22. Qg4 Kh8 23. Rd6 Qc5 24. Bb2 Ne7 25. Red1 Nf5 26. h5 Qb4 27. Ba1 b5 28.
a3 Qxa3 29. cxb5 Rac8 30. R6d3 Qa2 31. Qb4 Bd5 32. Rxd5 exd5 33. Qf4 Qb3 34. Re1
Qc2 35. e6 fxe6 36. g4 Nh4 37. Qxh6+ Kg8 38. Qxe6+ Rf7 39. Be2 Qc7 40. Qxd5 Qf4
41. Bd4 Qd2 42. Kf1 Re8 43. Qc4 Qf4 44. Qc6 Qe4 45. g5 Nf5 46. Qxe4 Rxe4 47. Bc4
Ng3+ 48. Kg2 Rxe1 49. g6 Nf5 50. gxf7+ Kf8 51. Bxa7 Rc1 52. Be6 Nd6 53. Be3 Rc2
54. h6 Nxf7 55. Bxf7 Kxf7 56. h7 Rc8 57. b6 g5 58. b7 Re8 59. Bd4 1-0

[Event "ch-Asian Individual w"]
[Site "Mashhad IRI"]
[Date "2011.05.08"]
[Round "7.12"]
[White "Asgarizadeh, Minoo"]
[Black "Alavi, Homa"]
[Result "0-1"]
[WhiteElo "2029"]
[BlackElo "2008"]
[WhiteFideId "12512230"]
[BlackFideId "12507547"]
[EventDate "2011.05.02"]

1. e4 c5 2. Nf3 e6 3. d4 cxd4 4. Nxd4 a6 5. Nc3 Qc7 6. Be2 b5 7. O-O b4 8. Na4
Bb7 9. Bf3 Bd6 10. g3 Nf6 11. Re1 Nc6 12. c3 h5 13. Bg5 Nh7 14. Be3 h4 15. Nb6
hxg3 16. hxg3 Rd8 17. Nc4 Be7 18. Qe2 bxc3 19. bxc3 Ng5 20. Bxg5 Bxg5 21. Rab1
Ke7 22. Nf5+ exf5 23. exf5+ Kf8 24. Bd5 Nd4 25. Qe4 Bxd5 26. Qxd5 Nf3+ 27. Qxf3
Qxc4 28. Rb7 Rh6 29. Re4 Qxa2 30. Rd4 Qa1+ 31. Rd1 Qa4 32. Rc7 Kg8 33. Kg2 Bf6
34. Qe2 Qb5 35. Qf3 a5 36. c4 Qa4 37. Qe2 d6 38. Qd3 Qe8 39. Rd2 Qe1 40. Rd1 Qe5
41. f4 Qc3 42. Qd5 Rb8 43. Rd3 Qe1 44. Kf3 Qf1+ 45. Kg4 Qh3+ 46. Kf3 Qh1+ 47.
Ke3 Re8+ 48. Kd2 Rh2+ 0-1

[Event "ch-Asian Individual w"]
[Site "Mashhad IRI"]
[Date "2011.05.08"]
[Round "7.13"]
[White "Ghader Pour, Shayesteh"]
[Black "Vardkar, Mariam"]
[Result "1-0"]
[WhiteTitle "WIM"]
[WhiteElo "2241"]
[BlackElo "1886"]
[WhiteFideId "12500747"]
[BlackFideId "12508322"]
[EventDate "2011.05.02"]

1. e4 c6 2. d3 d5 3. Nd2 e5 4. Ngf3 Qc7 5. d4 exd4 6. exd5 cxd5 7. Bb5+ Nc6 8.
O-O Bd6 9. Nb3 Ne7 10. Nbxd4 O-O 11. Be2 Nxd4 12. Nxd4 Bxh2+ 13. Kh1 Be5 14. c3
Bf6 15. Re1 a6 16. g3 Qd7 17. Bf3 Nc6 18. Be3 Re8 19. Nb3 Ne7 20. Kg1 b5 21. Bd4
Bxd4 22. Qxd4 Bb7 23. Nc5 Qc6 24. Re5 Rac8 25. Rae1 Kf8 26. Nxb7 Qxb7 27. Qb4
Rc4 28. Bxd5 Qxd5 29. Rxe7 1-0